LEADER 01490nam a2200325 a 4500 001 000000128355 003 CaOOAMICUS 005 20120417102121.0 008 120417s2011 it o u000 u ita r 040 $aPUL$bita 041 1 $aita$heng 082 04$a909.8 100 1 $aRottman, Gordon L.$0(OLS)http://pul/name/72419 240 10$aKhe Sanh 1967-68: Marines battle for Vietnam's vital hiltop base.$lItaliano.$0(OLS)http://pul/title/162213 245 12$aL'assedio di Khe Sanh /$cGordon L. Rottman ; illustrazioni di H. Gerrard, P. Dennis. 260 $aMilano :$bRBA Italia,$cİ2011. 300 $a96 p. :$bill., foto. ;$c25 cm. 490 1 $aGuerre contemporanee. Gli eserciti, gli armamenti, le scelte cruciali ;$v17 500 $aPubblicazione periodica settimanale. 651 4$aVietnam$xStoria$ySec. XX.$0(OLS)http://pul/subject/25136 700 1 $aDennis, Peter.$0(OLS)http://pul/name/70959 700 1 $aGerrard, Howard.$0(OLS)http://pul/name/70507 830 0$aGuerre contemporanee.$pGli eserciti, gli armamenti, le scelte cruciali ;$v17.$0(OLS)http://pul/title/160108 850 $aPUL 852 $aPUL$W1$xDP2 Filosofia 3$y112$m909. 8 COLL 1.17$j148662$qDDC 21$B147184$CPULBib$Z2$F147184 $H119124 $82 941 1 $a9 996 $6082$a909.8$9(OLS)http://pul/classification/2131 996 $6245$aL'assedio di Khe Sanh$9(OLS)http://pul/title/162214 996 $6260$aMilano :$bRBA Italia$9(OLS)http://pul/publisher/80118 LEADER 01273nam a2200325 a 4500 001 000000168887 003 CaOOAMICUS 005 20180719085539.0 008 180719s1997 it u000 u ita r 032 $aLibriCat 040 $aPUL$bita 041 0 $aita$alat$hlat 100 1 $aHoratius Flaccus, Quintus,$d65-8 a.C.$0(OLS)http://pul/name/8724 240 10$aEpistolae.$lItaliano e latino.$0(OLS)http://pul/title/209418 245 10$aEpistole /$cOrazio ; a cura di Marco Beck. 260 $aMilano :$bA. Mondadori,$cİ1997. 300 $aLIX, 259 p. ;$c20 cm. 490 1 $aCollana di classici Greci e Latini 500 $aInclude bibliografia. 546 $aTesto latino a fronte. 700 1 $aBeck, Marco.$0(OLS)http://pul/name/64496 830 0$aClassici greci e latini (Arnoldo Mondadori editore).$0(OLS)http://pul/title/104183 850 $aPUL 852 $aPUL$W1$xDP1 Fondo Dalla Palma$y117$m9 A 74$j120881$qFondi$B196834$CPULBib$Z2$F196834 $HDal590 $81 900 $aOrazio,$d65-8 a.C.$98724 900 $aFlaccus, Quintus Horatius,$d65-8 a.C.$98724 941 1 $a1 996 $6245$aEpistole$9(OLS)http://pul/title/108959 996 $6260$aMilano :$bA. Mondadori$9(OLS)http://pul/publisher/48249